LEADER 01024nam a2200241 4500 001 000000334603 003 CaOOAMICUS 005 20190821083217.0 008 190703s2011 it 000 u ita r 020 $a978-88-203-4838-0 040 $aSeMil$bita 100 1 $aDonadoni, Mario.$0(OLS)http://semarc/name/109819 245 12$aL'Adda da Lecco al Po :$bviaggio lungo il fiume in mongolfiera /$cMario Donadoni. 264 1$aMilano :$bHoepli,$c2011. 300 $a181 p. :$bill. ;$c25 x 31 cm 650 4$aAdda - Vedute - Fotografie.$0(OLS)http://semarc/subject/1973 850 $aSeMil 852 $aSeMil$W1$xVenegono$y1$m4Y IV 207$j216974$B226791$CSeMilBibl$Z2$F226791 $81 961 $aAntonelli don Mario - Omaggio 996 $6020$a978-88-203-4838-0$9(OLS)http://semarc/number/287820 996 $6245$aL'Adda da Lecco al Po :$bviaggio lungo il fiume in mongolfiera$9(OLS)http://semarc/title/424267 996 $6264$aMilano :$bHoepli$9(OLS)http://semarc/publisher/31184 LEADER 01400nam a2200265 i 4500 001 000000243350 003 CaOOAMICUS 005 20150701000000.0 008 150701s1992 it u000 u ita u 013 $a222255 040 $aSeMil$bita 100 1 $aChiari, Massimo.$0(OLS)http://semarc/name/82152 245 10$aMilano (1859-1900) :$bsviluppo e miseria /$cTesi [in sociologia urbana] di laurea di Massimo Chiari ; Relatore : Chiar.mo Prof. Guido Martinotti ; Correlatore : Dott.ssa Aurora Campus. 260 $aMilano :$b[s.n.],$c1992. 300 $a127 c. ;$c30 cm. 500 $aContiene : Bibliografia. - In testa al front : Università degli Studi di Milano. Facoltà di Scienze politiche. - Ai pie' del front : Anno Accademico 1991-1992. 650 4$aMilano - Urbanistica.$0(OLS)http://semarc/subject/10280 650 4$aTesi di laurea.$0(OLS)http://semarc/subject/1690 700 1 $aCampus, Aurora.$0(OLS)http://semarc/name/82153 700 1 $aMartinotti, Guido <1938-2012>.$0(OLS)http://semarc/name/21219 710 0 $aUniversità degli Studi : Facoltà di Scienze Politiche.$0(OLS)http://semarc/name/7323 850 $aSeMil 852 $aSeMil$W1$xVenegono$y1$m4X I 28$j193696$B193696$CSeMilBibl$Z2$F204430 $8L 996 $6245$aMilano (1859-1900) :$bsviluppo e miseria$9(OLS)http://semarc/title/345172 996 $6260$aMilano :$b[s.n.]$9(OLS)http://semarc/publisher/29709